000 00460nam a22001337a 4500
008 230621b |||||||| |||| 00| 0 eng d
040 _aNational Science Library
_cNational Science Library
080 _a626.8/.85:65(082.2)
_bM0
245 _aReport of a planning workshop on planning workshop on irrigation water management
260 _aPhilippines:
_bInternational Rice Research Institute,
_c1980
300 _a170p.
650 _aReport
942 _2udc
_cREP
999 _c45770
_d45770